000 00416nam a2200157Ia 4500
008 210716s2013 xx 000 0 und d
020 _a9788132111023
041 _aeng
082 _a332.3 VAIK
100 _aVaidyanathan, K.
245 _aCredit risk management for Indian banks.
250 _a1
260 _aNew Delhi
_bSage Publications
_c2013
300 _axxv,352
650 _aRisk Management & Derivatives
999 _c208622
_d208622